Genç Temuçin/ (Record no. 9429)
| 000 -BAŞLIK | |
|---|---|
| Sabit Uzunluktaki Kontrol Alanı | 01437nam a22002897a 4500 |
| 001 - KONTROL NUMARASI | |
| Control Dosyası | 0009457 |
| 003 - KONTROL NUMARASI KİMLİĞİ | |
| Kontrol Alanı | KOHA_MİRAKIL |
| 005 - EN SON İŞLEM TARİHİ ve ZAMANI | |
| Kontrol Alanı | 20260207001710.0 |
| 007 - FİZİKSEL TANIM SABİT ALAN - GENEL BİLGİ | |
| Sabit uzunluklu kontrol alanı | ta |
| 008 - SABİT UZUNLUKTAKİ VERİ ÖGELERİ - GENEL BİLGİ | |
| Sabit Alan | 101124b2005 tu |||gr||||#0|||1|tur | |
| 020 ## - ISBN - ULUSLARARASI STANDART KİTAP NUMARASI | |
| Isbn | 9754375283 |
| 040 ## - KATALOGLAMA KAYNAĞI | |
| Özgün Kataloglama Kurumu | TR-BiSEU |
| Kataloglama Dili | tur |
| Çeviri Kurumu | TR-BiSEU |
| Açıklama Kuralları | rda |
| 041 0# - DİL KODU | |
| Metin ya da ses kaydının dil kodu | tur |
| 044 ## - YAYINLAYAN/ÜRETEN KURULUŞUN ÜLKE KODU | |
| ISO country code | tu |
| 050 ## - SINIFLAMA ve YER NUMARASI | |
| Sınıflama Numarası | PL248.D34 |
| Yer Numarası | G46 2005 |
| 100 1# - KİŞİ ADI | |
| Yazar Adı (Kişi adı) | Dağcı, Cengiz. |
| 245 1# - ESER ADI BİLDİRİMİ | |
| Başlık | Genç Temuçin/ |
| Sorumluluk Bildirimi | Cengiz Dağcı ; Cengiz Dağcı. |
| 264 #1 - ÜRERİM, YAYIN, DAĞITIM ve TELİF BİLDİRİMİ | |
| Yayın yeri | İstanbul : |
| Yayınlayan | Ötüken Neşriyat |
| Yayın tarihi | 2005 |
| 300 ## - FİZİKSEL TANIMLAMA | |
| Sayfa, Cilt vb. | 298 sayfa; 18cm. |
| 336 ## - İÇERİK TÜRÜ | |
| Content type term | metin |
| Content type code | txt |
| Source | rdacontent |
| 337 ## - MEDYA TÜRÜ | |
| Media type term | aracısız |
| Media type code | n |
| Source | rdamedia |
| 338 ## - TAŞIYICI TÜRÜ | |
| Carrier type term | cilt |
| Carrier type code | nc |
| Source | rdacarrier |
| 505 ## - İÇİNDEKİLER NOTU | |
| İçindekiler Notu | "Gök Moğolların kökü sayılan Bozkurtla Alageyik'in Tibet dağından kalkıp, göl ve ırmakları yüzerek Burhan dağının yamaçlarına gelip yerleştikleri zamandan beri böylesine bir görüntüyü görmek az kimseye nasip oldu. Yulun Eke'nin oğlu karnı üstünde iki eli arasında tuttuğu kıpkızıl bir çul ile doğdu. Yulun Eke oğlunu Yesügey Bahadır'ın yüzüne kaldırdığı zaman çocuğun elleri arasında tuttuğu o kanlı çul parçası tüm savaşçıların ve Şamanların gözleri önünde göz kamaştırıcı bir parıltıyla parladı. Şamanlar, Yesügey Bahadır'ın oğlu büyüyecek; büyüyünce tüm uluslar onun adıyla anılacak, dediler." |
| 650 #0 - KONU BAŞLIĞI EK GİRİŞ - KONU TERİMİ | |
| Konusal terim veya coğrafi ad | Tarihi roman. |
| 9 (RLIN) | 22742 |
| 907 ## - LOCAL DATA ELEMENT G, LDG (RLIN) | |
| a | Roman |
| 942 ## - EK GİRİŞ ÖGELERİ (KOHA) | |
| Source of classification or shelving scheme | Library of Congress Classification |
| Koha item type | Book |
| 505 ## - İÇİNDEKİLER NOTU | |
| -- | |
| Materyal Türü | Kalıcı Konum | Mevcut Konum | Raf Yeri | Sınıflandırma Kaynağı | Edinim Bilgisi | Ana Konular | Alt Konular | Yer Numarası | Demirbaş Numarası | Fatura Tarihi | Maliyet, Alış Fiyatı | Maliyet, Yenileme Fiyatı | Geri Çekilme Durumu | Kayıp Durumu | Hasarlı Durumu | Kredi için değil | Kayıt Tarih | Toplam Ödünçverme | Son Görülme Tarihi | Son Kontrol Tarihi | Genel / Bağış Notu |
|---|---|---|---|---|---|---|---|---|---|---|---|---|---|---|---|---|---|---|---|---|---|
| Book | BŞEÜ Bozüyük MYO Kütüphanesi | BŞEÜ Bozüyük MYO Kütüphanesi | Library of Congress Classification | Satın | DİL VE EDEBİYAT | Doğu Asya, Afrika, Okyanusya Dilleri ve Edebiyatları | PL248.D34 G46 2005 | 0024775 | 15/12/2010 | 9.46 | 9.46 | 24/11/2010 | 05/12/2024 | 05/12/2024 | |||||||
| Book | BŞEÜ Gölpazarı MYO Kütüphanesi | BŞEÜ Gölpazarı MYO Kütüphanesi | Library of Congress Classification | Satın | DİL VE EDEBİYAT | Doğu Asya, Afrika, Okyanusya Dilleri ve Edebiyatları | PL248 .D34 2005 | 0024773 | 15/12/2010 | 9.46 | 9.46 | 24/11/2010 | 05/12/2024 | 05/12/2024 | |||||||
| Book | BŞEÜ Osmaneli MYO Kütüphanesi | BŞEÜ Osmaneli MYO Kütüphanesi | Library of Congress Classification | Satın | DİL VE EDEBİYAT | Doğu Asya, Afrika, Okyanusya Dilleri ve Edebiyatları | PL248 .D34 2005 | 0024774 | 15/12/2010 | 9.46 | 9.46 | 24/11/2010 | 05/12/2024 | 05/12/2024 | |||||||
| Book | BŞEÜ Pazaryeri MYO Kütüphanesi | BŞEÜ Pazaryeri MYO Kütüphanesi | Library of Congress Classification | Satın | DİL VE EDEBİYAT | Doğu Asya, Afrika, Okyanusya Dilleri ve Edebiyatları | PL248 .D34 2005 | 0024776 | 15/12/2010 | 9.46 | 9.46 | 24/11/2010 | 05/12/2024 | 05/12/2024 | |||||||
| Book | Prof. Dr. Azmi Özcan Kütüphanesi | Prof. Dr. Azmi Özcan Kütüphanesi | Birûni Salonu | Library of Congress Classification | Bağış | DİL VE EDEBİYAT | Doğu Asya, Afrika, Okyanusya Dilleri ve Edebiyatları | PL248.D34 G46 2005 | 0009457 | 13/08/2010 | 14.00 | 14.00 | 20/10/2009 | 1 | 05/12/2024 | 05/12/2024 | Ötüken Yayınevi | ||||
| Book | Prof. Dr. Azmi Özcan Kütüphanesi | Prof. Dr. Azmi Özcan Kütüphanesi | Birûni Salonu | Library of Congress Classification | Satın | DİL VE EDEBİYAT | Doğu Asya, Afrika, Okyanusya Dilleri ve Edebiyatları | PL248.D34 G46 2005 | 0024771 | 15/12/2010 | 9.46 | 9.46 | 12/11/2010 | 2 | 05/12/2024 | 05/12/2024 | |||||
| Book | Prof. Dr. Azmi Özcan Kütüphanesi | Prof. Dr. Azmi Özcan Kütüphanesi | Birûni Salonu | Library of Congress Classification | Satın | DİL VE EDEBİYAT | Doğu Asya, Afrika, Okyanusya Dilleri ve Edebiyatları | PL248.D34 G46 2005 | 0024772 | 15/12/2010 | 9.46 | 9.46 | 24/11/2010 | 2 | 05/12/2024 | 05/12/2024 |
